Things With 8 Legs or Arms - Statistics

General Stats
  • This quiz has been taken 13 times
  • The average score is 5 of 13
Answer Stats
Hint Answer % Correct
Little Miss Muffet was put right off her lunch after seeing one. Spider
100%
Represents the eighth sign of the zodiac (and has its own constellation). Scorpion
70%
These cephalopods are very intelligent, and are good at problem-solving (like how to escape from their aquariums when they're being studied). Octopus
60%
Durga is an eight-armed goddess of war in which religion? She rides a tiger and holds a different weapon in each hand. Hinduism
50%
Starkad was a giant and hero in which mythology? He had eight arms until Thor cut off all but two. Norse / Viking
50%
These arachnids are small-bodied but with long legs. Their common name comes from the autumnal crop-gathering period when they might often be spotted. Harvestman
40%
These colourful Echinoderms often have five arms. But there is an Australian species that has eight. Starfish
40%
Inevitably associated with "the poor ----", it means a small child. Mite
20%
Do you know the name of Odin's magnificent eight-legged horse? (pictured) Sleipnir
20%
Whip scorpions can defend themselves by squirting a revolting liquid that contains acetic acid. So their appropriate common name is...? Vinegaroon
20%
'Solifuges' became well known on the internet during the 2003 Iraq war, when soldiers posted misleading photos to make them look enormous. What's their desert-related common name? Camel spider
10%
These are super tiny arachnids that live in soil and leaf litter. They have cute little pincers making them look like scorpions, but they're not scorpions really. So their name is, appropriately...? Pseudoscorpion
10%
Also, you hope your teacher will mark your homework with one of these. Tick
10%
No matching quizzes found
Score Distribution
Percent of People with Each Score
Percentile by Number Answered
Your Score History
You have not taken this quiz